Dugonics András Bibilográfia

Bibliographic Details
Main Author: Gyuris, György (Author)
Format: Book
Language:Undetermined
Published: Szeged Somogyi-könyvtár 1969
Edition:1. kiad.

MARC

LEADER 00000nam a2200000 a 4500
001 vtls001471267
003 SK-MaSNL
005 20260301163646.0
008 240315s1969 xx 0 und
035 |a SNK000426570 
040 |a SNK  |b slo  |c SNK  |e AACR2 
100 1 |a Gyuris, György  |4 aut  |9 529981 
245 1 |a Dugonics András  |b Bibilográfia 
250 |a 1. kiad. 
260 |a Szeged  |b Somogyi-könyvtár  |c 1969 
958 |a OND 
999 |c 817721  |d 819651 
952 |t P60, <03>, [BOOK], {603}  |a SNK  |b SNK  |y PREZ  |7 0  |p 17A0417588  |o snkSD 35041  |i snkK 1878/75  |0 0  |1 0  |4 0  |d 2004-03-17  |l 0  |r 2005-01-02 00:00:00  |w 2026-02-24